000 00191 a2200097 4500
020 _a781375218190
041 _aeng
100 _aEric Carle
245 _athe very hungry aterillar
942 _cK
999 _c30278
_d30276